[Event "Int. Stuttgarter Stadtmeisterschaft B"]
[Site "Ditzingen"]
[Date "2012.05.20"]
[Round "7.21"]
[White "Ziegler, Michael"]
[Black "Gorb, Eugeniusz"]
[Result "1-0"]
[WhiteElo "1702"]
[BlackElo "1543"]
[PlyCount "97"]
[EventDate "2012.??.??"]

1. e4 e6 2. Nf3 d5 3. exd5 exd5 4. d4 Bd6 5. Be3 Nc6 6. Bb5 Nge7 7. Nc3 a6 8.
Bxc6+ bxc6 9. Qd2 a5 10. a4 Ba6 11. Ne2 Rb8 12. c3 Rb6 13. O-O Qb8 14. Rfb1 O-O
15. Ne5 Rd8 16. Nc1 f6 17. Ned3 Bc4 18. Nc5 Bxc5 19. dxc5 Rb7 20. Ra3 Re8 21.
b3 Ng6 22. b4 Ne5 23. Raa1 Ba6 24. Qc2 Nc4 25. Bd2 Nxd2 26. Qxd2 axb4 27. cxb4
Re4 28. b5 Qe8 29. Nb3 Re2 30. Qd3 cxb5 31. Qxd5+ Kh8 32. c6 Re4 33. Qd7 Qxd7
34. cxd7 Rb8 35. Rd1 Rd8 36. Na5 Re6 37. axb5 Bxb5 38. Nb7 Bxd7 39. Nxd8 Rd6
40. Nf7+ Kg8 41. Nxd6 cxd6 42. Rxd6 Bf5 43. Ra7 h6 44. Rc6 Kh7 45. Rcc7 Kg6 46.
Rxg7+ Kh5 47. Ra5 Kh4 48. Rxf5 h5 49. Rf4# 1-0

[Event "Int. Stuttgarter Stadtmeisterschaft B"]
[Site "Ditzingen"]
[Date "2012.05.20"]
[Round "7.22"]
[White "Muench, Werner"]
[Black "Triantafillidis, Zoe"]
[Result "1-0"]
[WhiteElo "1862"]
[BlackElo "1691"]
[PlyCount "45"]
[EventDate "2012.??.??"]

1. d4 d5 2. c4 e6 3. Nf3 Nc6 4. Nc3 Nf6 5. e3 Bb4 6. Bd2 Bxc3 7. Bxc3 Ne4 8.
Rc1 O-O 9. Bd3 Nxc3 10. Rxc3 dxc4 11. Bxc4 Re8 12. O-O a6 13. a3 b5 14. Bxb5
axb5 15. Rxc6 Rb8 16. Qc2 Re7 17. Rc1 Rb7 18. b4 Ra7 19. Qc3 Bb7 20. Rc5 Bxf3
21. gxf3 Qa8 22. Rxb5 Rxa3 23. Qxa3 1-0

[Event "Int. Stuttgarter Stadtmeisterschaft B"]
[Site "Ditzingen"]
[Date "2012.05.20"]
[Round "7.23"]
[White "Gheng, Hannelore"]
[Black "Pocrnic, Josip"]
[Result "1-0"]
[WhiteElo "1691"]
[BlackElo "1855"]
[PlyCount "93"]
[EventDate "2012.??.??"]

1. e4 c5 2. Nf3 d6 3. d4 cxd4 4. Nxd4 a6 5. Nc3 g6 6. Be2 Bg7 7. O-O Nf6 8. Kh1
O-O 9. f4 e5 10. Nb3 Qc7 11. f5 b5 12. Nd5 Nxd5 13. Qxd5 Bb7 14. Qd3 Nd7 15.
Bg5 Nf6 16. Nd2 h6 17. Bxf6 Bxf6 18. Qh3 Kg7 19. c3 Rad8 20. Rf3 d5 21. Qg4 Rh8
22. Raf1 h5 23. Qg3 Rh6 24. fxg6 Rxg6 25. Qh3 Bc8 26. Qxh5 Rh8 27. Rxf6 Rxh5
28. Rxf7+ Qxf7 29. Rxf7+ Kxf7 30. Bxh5 d4 31. Bxg6+ Kxg6 32. cxd4 exd4 33. h3
Kg5 34. Nf3+ Kf4 35. Nxd4 Kxe4 36. Nc6 Kd3 37. b3 Kc3 38. h4 Kb2 39. h5 Kxa2
40. Nd4 Bb7 41. Kg1 Kb2 42. Kf2 Be4 43. g4 Kc3 44. Ke3 Bh7 45. g5 a5 46. g6 Bg8
47. h6 1-0

[Event "Int. Stuttgarter Stadtmeisterschaft B"]
[Site "Ditzingen"]
[Date "2012.05.20"]
[Round "7.25"]
[White "Grotheer, Olaf"]
[Black "Boschmann, Werner"]
[Result "1-0"]
[WhiteElo "1815"]
[BlackElo "1686"]
[PlyCount "101"]
[EventDate "2012.??.??"]

1. d4 Nf6 2. c4 g6 3. Nf3 Bg7 4. Nc3 O-O 5. e4 d6 6. Be2 e5 7. O-O Nbd7 8. dxe5
Nxe5 9. Nxe5 dxe5 10. Bg5 c6 11. Qc2 Qe7 12. Rad1 Be6 13. a3 Rfd8 14. b4 h6 15.
Be3 b6 16. h3 Nd7 17. Qc1 Qh4 18. f4 f5 19. fxe5 Bxe5 20. exf5 Qg3 21. Bf4 Bxf4
22. Qxf4 Qxf4 23. Rxf4 Bxf5 24. Rfd4 Kf7 25. Bf3 Rac8 26. b5 c5 27. R4d2 Be6
28. Bc6 Ke7 29. Nd5+ Bxd5 30. Rxd5 Nf6 31. Re5+ Kf7 32. Rf1 Rd6 33. Bd5+ Kf8
34. Be6 Re8 35. Rxf6+ Kg7 36. Rf7+ Kh8 37. Rxa7 Rdxe6 38. Rxe6 Rxe6 39. Rc7 Re4
40. Rc6 Kg7 41. Rxb6 Rxc4 42. Rc6 Ra4 43. Ra6 Rc4 44. b6 Rc1+ 45. Kh2 Rb1 46.
a4 h5 47. a5 Rb3 48. Ra7+ Kh6 49. b7 c4 50. a6 c3 51. Ra8 1-0

[Event "Int. Stuttgarter Stadtmeisterschaft B"]
[Site "Ditzingen"]
[Date "2012.05.20"]
[Round "7.26"]
[White "Häfele, Torsten"]
[Black "Strauss, Martin"]
[Result "0-1"]
[WhiteElo "1615"]
[BlackElo "1811"]
[PlyCount "37"]
[EventDate "2012.??.??"]

1. e4 e5 2. Nf3 Nc6 3. d4 exd4 4. Bc4 Nf6 5. O-O d5 6. exd5 Nxd5 7. Re1+ Be7 8.
Bg5 O-O 9. Bxd5 Bxg5 10. Bxc6 bxc6 11. Nxg5 Qxg5 12. Qxd4 Be6 13. Qe5 Qxe5 14.
Rxe5 Rfd8 15. Nc3 Rd2 16. Re2 Rad8 17. Kf1 Bc4 18. Ke1 Bxe2 19. Nxe2 0-1

[Event "Int. Stuttgarter Stadtmeisterschaft B"]
[Site "Ditzingen"]
[Date "2012.05.20"]
[Round "7.27"]
[White "Ruff, Robert"]
[Black "Weber, Sandra"]
[Result "1/2-1/2"]
[WhiteElo "1799"]
[BlackElo "1617"]
[PlyCount "68"]
[EventDate "2012.??.??"]

1. d4 Nf6 2. c4 g6 3. Nc3 Bg7 4. e4 d6 5. f3 O-O 6. Be3 e5 7. Nge2 Nbd7 8. Qd2
Ne8 9. O-O-O a6 10. Kb1 Rb8 11. Nc1 exd4 12. Bxd4 Bxd4 13. Qxd4 Ng7 14. g4 Ne5
15. Be2 b5 16. c5 Ne6 17. Qe3 Nxc5 18. Nd3 Nc4 19. Qf2 Ne6 20. h4 b4 21. Nd5 c6
22. Ne3 Nxe3 23. Qxe3 c5 24. Nf4 Nd4 25. Bc4 a5 26. g5 Be6 27. Nd5 a4 28. h5
Bxd5 29. Bxd5 Kg7 30. Rdg1 a3 31. f4 b3 32. axb3 axb2 33. Kxb2 Qa5 34. hxg6
hxg6 1/2-1/2

[Event "Int. Stuttgarter Stadtmeisterschaft B"]
[Site "Ditzingen"]
[Date "2012.05.20"]
[Round "7.28"]
[White "Tölg, Wolfgang"]
[Black "Gheng, Dominik"]
[Result "1-0"]
[WhiteElo "1776"]
[BlackElo "1648"]
[PlyCount "81"]
[EventDate "2012.??.??"]

1. e4 c5 2. Nf3 d6 3. d4 cxd4 4. Nxd4 Nf6 5. Nc3 g6 6. Bc4 Bg7 7. Be3 O-O 8.
O-O Nc6 9. Qd2 Ng4 10. Nxc6 bxc6 11. Bg5 h6 12. Bh4 Ne5 13. Bb3 Ba6 14. Rfd1
Bc4 15. Qe3 g5 16. Bg3 Bxb3 17. axb3 Qb6 18. Qe2 a5 19. Kh1 f5 20. f4 gxf4 21.
Bxf4 Ng6 22. Be3 Qb7 23. Qh5 f4 24. Bd2 Kh7 25. Rxa5 Rxa5 26. Qxa5 c5 27. Qa4
Bd4 28. Qc4 Ne5 29. Qd5 Qxd5 30. Nxd5 e6 31. Nxf4 Ng4 32. Nd3 Bxb2 33. Nxb2
Nf2+ 34. Kg1 Nxd1 35. Nxd1 h5 36. Ne3 Rf4 37. Nc4 Rxe4 38. Nxd6 Rd4 39. Nc4 Kg6
40. Kf2 Kf6 41. Bc3 1-0

[Event "Int. Stuttgarter Stadtmeisterschaft B"]
[Site "Ditzingen"]
[Date "2012.05.20"]
[Round "7.30"]
[White "Prinz, Philipp"]
[Black "Schmidt, Bernd"]
[Result "1/2-1/2"]
[WhiteElo "1741"]
[BlackElo "1601"]
[PlyCount "34"]
[EventDate "2012.??.??"]

1. d4 d5 2. c4 c6 3. Nc3 dxc4 4. a4 Nf6 5. e3 Bf5 6. Bxc4 e6 7. Nf3 h6 8. h3
Bb4 9. O-O O-O 10. Bd2 a5 11. Ne5 Nbd7 12. Nxd7 Qxd7 13. Qe2 Bg6 14. Rfd1 Bd6
15. f3 Bc2 16. Rdc1 Bg6 17. Rd1 Bc2 1/2-1/2

[Event "Int. Stuttgarter Stadtmeisterschaft B"]
[Site "Ditzingen"]
[Date "2012.05.20"]
[Round "7.31"]
[White "Hornung, Richard"]
[Black "Shankar, Ajay"]
[Result "0-1"]
[WhiteElo "1738"]
[BlackElo "1554"]
[PlyCount "24"]
[EventDate "2012.??.??"]

1. f4 d5 2. Nf3 Nf6 3. g3 Bf5 4. d3 e6 5. Bg2 Bd6 6. O-O O-O 7. Nh4 Re8 8. Nd2
Bc5+ 9. Kh1 Ng4 10. Qe1 Ne3 11. Rf3 Bg4 12. Rf2 Nxc2 0-1

[Event "Int. Stuttgarter Stadtmeisterschaft B"]
[Site "Ditzingen"]
[Date "2012.05.20"]
[Round "7.32"]
[White "Heil, Rudolf"]
[Black "Dallinger, Moritz"]
[Result "1/2-1/2"]
[WhiteElo "1722"]
[BlackElo "1547"]
[PlyCount "65"]
[EventDate "2012.??.??"]

1. c4 Nf6 2. g3 e6 3. Bg2 c5 4. Nf3 Qc7 5. O-O Be7 6. b3 O-O 7. Bb2 b6 8. Nd4
Bb7 9. Nb5 Qc8 10. Bxf6 gxf6 11. d4 a6 12. N5c3 f5 13. e4 fxe4 14. Nd2 f5 15.
d5 Bf6 16. Qc2 exd5 17. cxd5 Qe8 18. Rae1 Bd4 19. Ndxe4 fxe4 20. Bxe4 Qf7 21.
d6 Bxe4 22. Rxe4 Bxf2+ 23. Rxf2 Qxf2+ 24. Qxf2 Rxf2 25. Kxf2 Nc6 26. Nd5 Rf8+
27. Rf4 Rxf4+ 28. gxf4 Kf7 29. Nxb6 Ke6 30. Nc4 Nb4 31. a3 Nd3+ 32. Ke3 Nc1 33.
Ke4 1/2-1/2

[Event "Int. Stuttgarter Stadtmeisterschaft B"]
[Site "Ditzingen"]
[Date "2012.05.20"]
[Round "7.33"]
[White "Beutler, Kevin"]
[Black "Rieder, Josef"]
[Result "1-0"]
[WhiteElo "1585"]
[BlackElo "1824"]
[PlyCount "71"]
[EventDate "2012.??.??"]

1. e4 c5 2. Nf3 d6 3. d4 cxd4 4. Nxd4 Nf6 5. Nc3 g6 6. Bg5 Bg7 7. f4 O-O 8. Bc4
Nc6 9. Nxc6 bxc6 10. Qf3 Qb6 11. Bb3 Bg4 12. Qd3 Be6 13. f5 Bxb3 14. axb3 Rfe8
15. Be3 Qb7 16. Qa6 Reb8 17. O-O Ng4 18. Bd2 Bd4+ 19. Kh1 Nf2+ 20. Rxf2 Bxf2
21. Qe2 Bd4 22. fxg6 fxg6 23. Qc4+ e6 24. Qxd4 d5 25. Bh6 Re8 26. Qf6 Qf7 27.
Qxf7+ Kxf7 28. exd5 exd5 29. Rf1+ Ke6 30. Re1+ Kd7 31. Rd1 Re6 32. h3 Rg8 33.
Ra1 Ra8 34. Na4 Kc7 35. Bf4+ Kd8 36. Nb6 1-0

[Event "Int. Stuttgarter Stadtmeisterschaft B"]
[Site "Ditzingen"]
[Date "2012.05.20"]
[Round "7.34"]
[White "Ellinger, Harald"]
[Black "Baumeister, Lukas"]
[Result "1-0"]
[WhiteElo "1854"]
[BlackElo "1525"]
[PlyCount "69"]
[EventDate "2012.??.??"]

1. Nf3 d5 2. d4 Nf6 3. c4 e6 4. Nc3 c5 5. e3 Nc6 6. a3 a6 7. cxd5 Nxd5 8. e4
Nxc3 9. bxc3 b5 10. Be2 Bb7 11. O-O Be7 12. Bb2 c4 13. Qc2 O-O 14. a4 Qd7 15.
Rfd1 Na5 16. Nd2 f5 17. axb5 axb5 18. e5 g5 19. Bf3 Bxf3 20. Nxf3 g4 21. Nd2 h5
22. f4 Kf7 23. Nf1 Rh8 24. Ne3 Qb7 25. Kf1 Qb6 26. Ke2 Nb3 27. Rxa8 Rxa8 28. d5
Ra2 29. dxe6+ Qxe6 30. Qb1 Ra8 31. Nxf5 Qg6 32. Rd7 Re8 33. Nd6+ Kg7 34. Qxg6+
Kxg6 35. Nxe8 1-0

[Event "Int. Stuttgarter Stadtmeisterschaft B"]
[Site "Ditzingen"]
[Date "2012.05.20"]
[Round "7.35"]
[White "Drapkin, Marc"]
[Black "Weis, Olga"]
[Result "1-0"]
[WhiteElo "1793"]
[BlackElo "1583"]
[PlyCount "61"]
[EventDate "2012.??.??"]

1. g3 e5 2. Bg2 Nf6 3. e3 Nc6 4. c3 d5 5. d3 Bf5 6. Ne2 Qd7 7. Ng1 Be7 8. d4
exd4 9. exd4 O-O 10. Ne2 Rfe8 11. O-O Bd6 12. Nf4 Bxf4 13. Bxf4 Bh3 14. Nd2
Bxg2 15. Kxg2 Re6 16. Bg5 Rae8 17. Bxf6 Rxf6 18. Re1 Rxe1 19. Qxe1 Rh6 20. Nf3
g5 21. Nxg5 Rg6 22. Qe3 h6 23. Nf3 Re6 24. Qf4 Qe7 25. Qd2 Kh7 26. Re1 Re4 27.
Rxe4 dxe4 28. Nh4 Qe6 29. Qf4 Qe7 30. Nf5 Qf6 31. Qxe4 1-0

[Event "Int. Stuttgarter Stadtmeisterschaft B"]
[Site "Ditzingen"]
[Date "2012.05.20"]
[Round "7.37"]
[White "Hennig, Jan"]
[Black "Giugno, Carmelo"]
[Result "1/2-1/2"]
[WhiteElo "1753"]
[BlackElo "1511"]
[PlyCount "43"]
[EventDate "2012.??.??"]

1. c4 Nf6 2. Nc3 g6 3. Nf3 Bg7 4. g3 Nc6 5. Bg2 d6 6. O-O Bg4 7. d3 Qc8 8. Rb1
Bh3 9. b4 Bxg2 10. Kxg2 a6 11. a4 Ng4 12. Bd2 Nge5 13. Nxe5 Nxe5 14. b5 O-O 15.
Nd5 Qd7 16. Ba5 b6 17. Bxb6 cxb6 18. Nxb6 Qb7+ 19. Nd5 Rab8 20. bxa6 Qa8 21.
Kg1 Qa7 22. Qc2 1/2-1/2

[Event "Int. Stuttgarter Stadtmeisterschaft B"]
[Site "Ditzingen"]
[Date "2012.05.20"]
[Round "7.38"]
[White "Dirks, Alexander"]
[Black "Schreiber, Stephan"]
[Result "1-0"]
[WhiteElo "1518"]
[BlackElo "1708"]
[PlyCount "81"]
[EventDate "2012.??.??"]

1. e4 c5 2. Nf3 d6 3. d4 cxd4 4. Nxd4 Nf6 5. Nc3 a6 6. Bg5 e6 7. f4 Be7 8. Qf3
h6 9. Bh4 Qb6 10. O-O-O Nc6 11. Nb3 Bd7 12. g4 Qc7 13. g5 hxg5 14. Bxg5 O-O-O
15. h4 Nh7 16. Bxe7 Nxe7 17. Bd3 Bc6 18. Rhg1 g6 19. h5 gxh5 20. Qxh5 Ng6 21.
Rxg6 fxg6 22. Qxg6 Qe7 23. Nd4 Bd7 24. Bc4 Rdg8 25. Qh5 Qf6 26. Qf3 Nf8 27. f5
Qg5+ 28. Kb1 Qg4 29. Qxg4 Rxg4 30. fxe6 Bc6 31. Nf5 Ng6 32. e7 Kc7 33. Bf7 Ne5
34. Be6 Ng6 35. Nxd6 Nxe7 36. Bxg4 Rd8 37. e5 Ng6 38. Re1 Nf4 39. a3 Ng6 40.
Kc1 Rd7 41. Bxd7 1-0

[Event "Int. Stuttgarter Stadtmeisterschaft B"]
[Site "Ditzingen"]
[Date "2012.05.20"]
[Round "7.39"]
[White "Kuhn, Magnus"]
[Black "Sieweck, Theodor"]
[Result "1/2-1/2"]
[WhiteElo "1658"]
[BlackElo "1411"]
[PlyCount "120"]
[EventDate "2012.??.??"]

1. e4 e5 2. Nf3 Nc6 3. Bb5 d6 4. d4 exd4 5. Nxd4 Bd7 6. Bxc6 bxc6 7. O-O g6 8.
Re1 Bg7 9. e5 dxe5 10. f4 Ne7 11. fxe5 c5 12. Nb3 c4 13. Na5 Be6 14. Qxd8+ Rxd8
15. Na3 Rd4 16. c3 Rg4 17. h3 Rg3 18. N3xc4 O-O 19. Bf4 Rd3 20. Bg5 Nf5 21.
Rad1 Rxd1 22. Rxd1 h6 23. Bc1 Re8 24. Bf4 g5 25. Bh2 Ne7 26. Kf1 Ng6 27. a3
Bxc4+ 28. Nxc4 Nxe5 29. Nxe5 Bxe5 30. Bxe5 Rxe5 31. Rd7 Rc5 32. Rd8+ Kg7 33.
Ra8 Ra5 34. Ke2 Kf6 35. Kd3 Rd5+ 36. Kc4 Rd2 37. Rxa7 Rxg2 38. Rxc7 Rxb2 39.
Rc6+ Kg7 40. Rd6 f5 41. a4 g4 42. hxg4 fxg4 43. Rd1 Kf6 44. Ra1 g3 45. a5 g2
46. a6 Ra2 47. Rg1 Rxa6 48. Rxg2 h5 49. Kb5 Re6 50. c4 h4 51. c5 h3 52. Rc2 Re5
53. Kb6 Re6+ 54. c6 Kg5 55. Kb7 Kg4 56. c7 Re7 57. Kb8 Re8+ 58. c8=Q+ Rxc8+ 59.
Kxc8 Kg3 60. Rc3+ Kg2 1/2-1/2

[Event "Int. Stuttgarter Stadtmeisterschaft B"]
[Site "Ditzingen"]
[Date "2012.05.20"]
[Round "7.40"]
[White "Graf, Maximilian"]
[Black "Beyer, Andre"]
[Result "1/2-1/2"]
[WhiteElo "1629"]
[BlackElo "1417"]
[PlyCount "39"]
[EventDate "2012.??.??"]

1. e4 c5 2. Nf3 d6 3. d4 cxd4 4. Nxd4 Nf6 5. Nc3 a6 6. Be2 e6 7. Be3 Be7 8. Qd2
b5 9. a3 Bb7 10. f3 Nbd7 11. g4 Ne5 12. g5 Nfd7 13. f4 Nc4 14. Bxc4 bxc4 15.
Nf3 Rc8 16. Bd4 f6 17. Rg1 e5 18. Bf2 f5 19. Qe3 O-O 20. fxe5 1/2-1/2

[Event "Int. Stuttgarter Stadtmeisterschaft B"]
[Site "Ditzingen"]
[Date "2012.05.20"]
[Round "7.41"]
[White "Zeitler, Waldemar"]
[Black "Greth, Andreas"]
[Result "0-1"]
[WhiteElo "1596"]
[BlackElo "1388"]
[PlyCount "80"]
[EventDate "2012.??.??"]

1. e4 e6 2. d4 c5 3. Nf3 cxd4 4. Nxd4 Nc6 5. c3 Nf6 6. f3 d5 7. Nxc6 bxc6 8. e5
Nd7 9. f4 a5 10. Be3 Be7 11. Be2 Bh4+ 12. g3 Be7 13. O-O O-O 14. Nd2 f5 15. Nf3
Nc5 16. Rb1 Ne4 17. Nd2 Bc5 18. Rf3 Bxe3+ 19. Rxe3 Qb6 20. Nf1 Rd8 21. Kg2 Bb7
22. Qb3 Qa7 23. Rd1 c5 24. Rf3 c4 25. Qc2 Rab8 26. Rd4 Ba8 27. Ne3 Rd7 28. Rf1
Bc6 29. Rb1 a4 30. a3 Rdb7 31. Bf3 Nc5 32. Rd2 Nd3 33. Nxc4 dxc4 34. Bxc6 Rxb2
35. Rxb2 Ne1+ 36. Kh3 Nxc2 37. Rdxc2 Rb3 38. Rd2 Qb6 39. Bxa4 Rxb2 40. Rd6 Qf2
0-1

[Event "Int. Stuttgarter Stadtmeisterschaft B"]
[Site "Ditzingen"]
[Date "2012.05.20"]
[Round "7.42"]
[White "Burkhardt, Adrian"]
[Black "Wübbens, Carsten"]
[Result "0-1"]
[WhiteElo "1709"]
[BlackElo "1415"]
[PlyCount "94"]
[EventDate "2012.??.??"]

1. e4 e5 2. Bb5 Nf6 3. d3 a6 4. Ba4 b5 5. Bb3 Bc5 6. Bg5 Bb7 7. Nf3 O-O 8. Nxe5
d5 9. f3 Bd4 10. Bxf6 gxf6 11. Ng4 Bxb2 12. Nh6+ Kh8 13. Nd2 Bxa1 14. Qxa1 c6
15. g4 Qd6 16. Nf5 Qe5 17. d4 Qf4 18. e5 Re8 19. Nd6 Re7 20. Nf5 Re6 21. Nd6
fxe5 22. Nxb7 Qe3+ 23. Kd1 exd4 24. Nc5 Re7 25. a4 Qc3 26. Qxc3 dxc3 27. Nb1 b4
28. a5 Nd7 29. Nd3 Rb8 30. Re1 Rxe1+ 31. Kxe1 f6 32. Kf2 Kg7 33. Ke3 Rb5 34. f4
Nc5 35. Nxb4 Rxb4 36. Nxc3 Nxb3 37. cxb3 Rxb3 38. Kd4 Ra3 39. Kc5 Rxc3+ 40. Kb6
d4 41. Kxa6 d3 42. Kb6 d2 43. a6 Rb3+ 44. Kxc6 d1=Q 45. a7 Rc3+ 46. Kb7 Qb1+
47. Ka8 Rc8# 0-1

[Event "Int. Stuttgarter Stadtmeisterschaft B"]
[Site "Ditzingen"]
[Date "2012.05.20"]
[Round "7.43"]
[White "Debeljak, Anton"]
[Black "Thren, Christian"]
[Result "1-0"]
[WhiteElo "1650"]
[BlackElo "1518"]
[PlyCount "67"]
[EventDate "2012.??.??"]

1. e4 d5 2. e5 c5 3. f4 e6 4. Nf3 Nc6 5. Be2 Nh6 6. c3 Qb6 7. d3 d4 8. c4 Qc7
9. O-O b6 10. Nbd2 Bb7 11. Ne4 Nb4 12. Ng3 g6 13. a3 Nc6 14. Ne4 Be7 15. Qe1
Nd8 16. Nfg5 Bxe4 17. Nxe4 Nf5 18. Bf3 Rb8 19. g4 Ng7 20. Nf6+ Kf8 21. Qh4 Bxf6
22. exf6 Ne8 23. Rf2 b5 24. f5 Kg8 25. Be4 e5 26. Bh6 Qd6 27. Raf1 Qxf6 28. g5
Qe7 29. Bd5 gxf5 30. Rxf5 Nd6 31. Rf6 bxc4 32. g6 Qxf6 33. Qxf6 c3 34. Qg7# 1-0

[Event "Int. Stuttgarter Stadtmeisterschaft B"]
[Site "Ditzingen"]
[Date "2012.05.20"]
[Round "7.44"]
[White "Schreiber, Winfried"]
[Black "Wunder, Anton"]
[Result "1-0"]
[WhiteElo "1628"]
[BlackElo "1507"]
[PlyCount "79"]
[EventDate "2012.??.??"]

1. c4 e5 2. Nc3 Nf6 3. Nf3 Nc6 4. g3 Bb4 5. Bg2 h6 6. O-O Bxc3 7. bxc3 O-O 8.
a4 Re8 9. d3 d6 10. h3 e4 11. Nd4 Nxd4 12. cxd4 Bf5 13. e3 Qc8 14. Kh2 exd3 15.
Bd2 Ne4 16. a5 a6 17. g4 Bg6 18. f4 Nxd2 19. Qxd2 Be4 20. Bxe4 Rxe4 21. Qxd3
Qe6 22. Rf3 Re8 23. Re1 d5 24. c5 Qc6 25. Rb1 Kh8 26. Kg3 Qa4 27. Qb3 Qxa5 28.
Qxb7 Rxe3 29. Qxd5 Qd2 30. Rbf1 Qe2 31. R1f2 Qe1 32. Kg2 Rxf3 33. Qxf3 Qe4 34.
Rd2 Qxf3+ 35. Kxf3 Kg8 36. Ra2 Rd8 37. Ke4 Ra8 38. Kd5 Kf8 39. Kc6 Ra7 40. d5
1-0

[Event "Int. Stuttgarter Stadtmeisterschaft B"]
[Site "Ditzingen"]
[Date "2012.05.20"]
[Round "7.45"]
[White "Reinhold, Nils"]
[Black "Krebs, Thomas"]
[Result "0-1"]
[WhiteElo "1349"]
[BlackElo "1626"]
[PlyCount "90"]
[EventDate "2012.??.??"]

1. e4 c5 2. Nf3 d6 3. d4 cxd4 4. Nxd4 Nf6 5. Nc3 a6 6. Bc4 g6 7. Qf3 Bg7 8. h3
Nbd7 9. Qe2 O-O 10. O-O b5 11. Nc6 Qe8 12. Nd5 Nxd5 13. Bxd5 Nb6 14. Nxe7+ Qxe7
15. Bxa8 Nxa8 16. Re1 Be6 17. c3 Nb6 18. Be3 Nc4 19. Bd4 Bh6 20. e5 Bf4 21.
exd6 Bxd6 22. a4 Qg5 23. Be3 Qe5 24. f4 Qxe3+ 25. Qxe3 Nxe3 26. Rxe3 Bc5 27.
Kf2 Rd8 28. Rae1 Rd2+ 29. R1e2 Rxe2+ 30. Kxe2 Bxe3 31. Kxe3 bxa4 32. Kd4 Kf8
33. Kc5 Ke7 34. Kb6 Bc4 35. Kc5 Bf1 36. c4 Bxg2 37. Kb4 Bxh3 38. Kxa4 h5 39. b4
h4 40. Ka5 Bc8 41. Kb6 h3 42. f5 gxf5 43. Kc7 Bd7 44. c5 h2 45. c6 Bxc6 0-1

[Event "Int. Stuttgarter Stadtmeisterschaft B"]
[Site "Ditzingen"]
[Date "2012.05.20"]
[Round "7.46"]
[White "Trobonjaca, Milos"]
[Black "Bohun, Roland"]
[Result "1-0"]
[WhiteElo "1617"]
[BlackElo "1437"]
[PlyCount "73"]
[EventDate "2012.??.??"]

1. Nf3 e6 2. e4 b6 3. d4 Bb7 4. Bd3 d6 5. c4 d5 6. cxd5 exd5 7. e5 c5 8. Be3 c4
9. Bc2 Ne7 10. O-O Nbc6 11. a3 b5 12. b3 g6 13. Nc3 a6 14. Bg5 Bg7 15. Re1 O-O
16. Qd2 Qd7 17. h3 Nd8 18. Re2 Ne6 19. Bf6 Nc6 20. Rd1 b4 21. Nb1 c3 22. Qc1 a5
23. h4 Ba6 24. Ree1 h5 25. Qe3 Kh7 26. g3 Ne7 27. Kg2 Bh6 28. Ng5+ Bxg5 29.
hxg5 Rfe8 30. Rh1 Ng7 31. f3 Nef5 32. Qf2 Kg8 33. g4 Ne7 34. Kg3 Bc8 35. Rh4
Kh7 36. gxh5 Nxh5+ 37. Rxh5+ 1-0

[Event "Int. Stuttgarter Stadtmeisterschaft B"]
[Site "Ditzingen"]
[Date "2012.05.20"]
[Round "7.47"]
[White "Lin, Jean-Claude"]
[Black "Awiszus, Thomas"]
[Result "0-1"]
[WhiteElo "1382"]
[BlackElo "1610"]
[PlyCount "90"]
[EventDate "2012.??.??"]

1. e4 g6 2. Nf3 Bg7 3. d4 d6 4. Be3 Nf6 5. Nbd2 O-O 6. h3 Nbd7 7. Bd3 c5 8. c3
cxd4 9. cxd4 Nb6 10. Rc1 Bd7 11. O-O Rc8 12. Qe2 Na4 13. Nc4 b5 14. Ncd2 a6 15.
Rb1 Be6 16. d5 Bd7 17. Nd4 e6 18. N2b3 exd5 19. f3 Nc5 20. Bf4 dxe4 21. fxe4
Qb6 22. Rbe1 Rfe8 23. Qf3 Bc6 24. Nxc6 Nxd3+ 25. Be3 Nxe1 26. Rxe1 Qxc6 27. Bf2
Nxe4 28. Nd4 Qa8 29. Be3 Nc5 30. Qd1 Re4 31. Nf3 Rce8 32. Kf2 Qd8 33. h4 Qe7
34. Qd2 Nd7 35. Ng5 Rxe3 36. Rxe3 Qxe3+ 37. Qxe3 Rxe3 38. Kxe3 Bh6 39. Kd4 Bxg5
40. hxg5 f5 41. Kd5 Ne5 42. Kxd6 Ng4 43. g3 Kf7 44. Kc6 Ne3 45. Kb6 Nf1 0-1

[Event "Int. Stuttgarter Stadtmeisterschaft B"]
[Site "Ditzingen"]
[Date "2012.05.20"]
[Round "7.48"]
[White "Grüneschild, Hildegard"]
[Black "Schneider, Stephan"]
[Result "0-1"]
[WhiteElo "1613"]
[BlackElo "1751"]
[PlyCount "102"]
[EventDate "2012.??.??"]

1. c4 c6 2. Nc3 Nf6 3. d4 d5 4. cxd5 cxd5 5. e3 Nc6 6. Nf3 Bg4 7. Be2 e6 8. O-O
Bd6 9. h3 Bxf3 10. Bxf3 O-O 11. a3 Rc8 12. Bd2 a6 13. Rb1 Na5 14. Na2 Nc4 15.
Bb4 Rc6 16. Bxd6 Qxd6 17. Nb4 Rb6 18. Qe2 a5 19. Nd3 Rc8 20. Rfc1 Rbc6 21. Nc5
b6 22. Nd3 Qd7 23. Rc2 R8c7 24. Rbc1 Qc8 25. b3 Nxa3 26. Rxc6 Rxc6 27. Rxc6
Qxc6 28. Qb2 Nb5 29. g4 Nd7 30. Kg2 Kf8 31. h4 Ke7 32. g5 Kd6 33. h5 Qc3 34.
Be2 Qxb2 35. Nxb2 Nc7 36. f4 Kc6 37. Bd3 g6 38. hxg6 hxg6 39. Kf3 b5 40. e4 Nb6
41. exd5+ Ncxd5 42. Be4 a4 43. bxa4 bxa4 44. Nd3 Kb5 45. Nc5 Kb4 46. Bd3 a3 47.
Na6+ Kc3 48. Ke4 a2 49. Nc5 a1=Q 50. Ke5 Qe1+ 51. Be4 Nc4# 0-1

[Event "Int. Stuttgarter Stadtmeisterschaft B"]
[Site "Ditzingen"]
[Date "2012.05.20"]
[Round "7.49"]
[White "Weisensel, Wolfgang"]
[Black "Blum, Michael"]
[Result "1-0"]
[WhiteElo "1685"]
[BlackElo "1576"]
[PlyCount "65"]
[EventDate "2012.??.??"]

1. Nf3 Nf6 2. c4 g6 3. b3 Bg7 4. Bb2 O-O 5. e3 d6 6. d3 e5 7. Be2 Re8 8. Nbd2
e4 9. dxe4 Nxe4 10. Bxg7 Kxg7 11. Nxe4 Rxe4 12. O-O c5 13. Qd2 Qf6 14. Rad1 Re6
15. Ne1 h5 16. Bf3 Nc6 17. Nd3 Ne5 18. Nxe5 dxe5 19. Qd5 a6 20. Qxc5 e4 21. Be2
Rc6 22. Qd4 Bf5 23. Qxf6+ Kxf6 24. Rd4 b5 25. Rfd1 Kg7 26. h3 h4 27. R1d2 g5
28. cxb5 axb5 29. Bxb5 Rb6 30. Bc4 Bg6 31. a4 Rab8 32. Bd5 Kf8 33. Kf1 1-0

[Event "Int. Stuttgarter Stadtmeisterschaft B"]
[Site "Ditzingen"]
[Date "2012.05.20"]
[Round "7.50"]
[White "Baric, Andrej"]
[Black "Sigmund, Wolfgang"]
[Result "0-1"]
[WhiteElo "1674"]
[BlackElo "1540"]
[PlyCount "70"]
[EventDate "2012.??.??"]

1. d4 d5 2. c4 c6 3. Nc3 Nf6 4. Bg5 Nbd7 5. e3 Qa5 6. Bxf6 Nxf6 7. f3 Bf5 8. a3
e6 9. c5 Be7 10. b4 Qc7 11. Bd3 Bg6 12. Nge2 e5 13. O-O O-O 14. Bxg6 hxg6 15.
Ng3 Nh5 16. Nxh5 gxh5 17. f4 exd4 18. exd4 Bf6 19. Qd2 Rfe8 20. Rae1 Qd7 21.
Re2 Rxe2 22. Nxe2 Re8 23. Ng3 Qg4 24. Qd1 g6 25. Qxg4 hxg4 26. f5 Bxd4+ 27. Kh1
Bb2 28. fxg6 fxg6 29. a4 Ba3 30. h3 Bxb4 31. Rb1 Re1+ 32. Rxe1 Bxe1 33. Ne2 Bf2
34. hxg4 Bxc5 35. Kh2 g5 0-1

[Event "Int. Stuttgarter Stadtmeisterschaft B"]
[Site "Ditzingen"]
[Date "2012.05.20"]
[Round "7.52"]
[White "Malheur, Lothar"]
[Black "Kalwei, Reinhard"]
[Result "1-0"]
[WhiteElo "1376"]
[BlackElo "1491"]
[PlyCount "44"]
[EventDate "2012.??.??"]

1. d4 d5 2. c4 c6 3. Nc3 e6 4. Nf3 Bb4 5. cxd5 cxd5 6. a3 Ba5 7. b4 Bc7 8. e4
Ne7 9. exd5 Nxd5 10. Nxd5 Qxd5 11. Bd3 Nd7 12. Qc2 Nf6 13. Qxc7 O-O 14. O-O Bd7
15. Qg3 Qh5 16. Bg5 Nd5 17. Be4 Nc3 18. Rfe1 Nxe4 19. Rxe4 Bc6 20. Rh4 Qg6 21.
Ne5 Qc2 22. Bf6 g6 1-0

[Event "Int. Stuttgarter Stadtmeisterschaft B"]
[Site "Ditzingen"]
[Date "2012.05.20"]
[Round "7.53"]
[White "Steinmassl, Guido"]
[Black "Steinhart, Matthias"]
[Result "0-1"]
[WhiteElo "1567"]
[BlackElo "1771"]
[PlyCount "92"]
[EventDate "2012.??.??"]

1. d4 d5 2. c4 Nc6 3. Nc3 dxc4 4. d5 Ne5 5. e4 e6 6. Bxc4 Nxc4 7. Qa4+ Bd7 8.
Qxc4 exd5 9. Qxd5 Bc6 10. Qc4 Qe7 11. Be3 Qb4 12. Qxb4 Bxb4 13. f3 Ne7 14. Nge2
O-O 15. Rd1 Rfd8 16. Kf2 Ng6 17. a3 Be7 18. f4 a6 19. Nd4 Be8 20. Nd5 Rd7 21.
Rc1 Bd8 22. Nb3 c6 23. Nc3 Be7 24. Rhd1 Rad8 25. g3 Rxd1 26. Rxd1 Rxd1 27. Nxd1
Bd7 28. Na5 Bc8 29. b4 Nf8 30. Nb2 Nd7 31. Nd3 Nf6 32. Bd4 Nxe4+ 33. Ke3 Nf6
34. Bc5 Bxc5+ 35. bxc5 Ng4+ 36. Kd4 Nxh2 37. Ne5 Nf1 38. Nec4 Nxg3 39. Nd6 Bh3
40. Ndxb7 Bg2 41. Nd8 h5 42. Ndxc6 h4 43. Ke3 h3 44. Kf2 h2 45. Kxg2 h1=Q+ 46.
Kxg3 Qg1+ 0-1